Normal view
MARC view
- 1- FINANCE PERSONAL 2- RESPONSIBILITY 3- CRISIS MANAGEMENT
Entry Topical Term
001 - CONTROL NUMBER
- control field: 63649
003 - CONTROL NUMBER IDENTIFIER
- control field: NUST
005 - DATE AND TIME OF LATEST TRANSACTION
- control field: 20210628203142.0
008 - FIXED-LENGTH DATA ELEMENTS
- fixed length control field: 210628|| aca||aabn | a|a d
040 ## - CATALOGING SOURCE
- Original cataloging agency: NUST
- Transcribing agency: NUST
150 ## - HEADING--TOPICAL TERM
- Topical term or geographic name entry element: 1- FINANCE PERSONAL 2- RESPONSIBILITY 3- CRISIS MANAGEMENT
670 ## - SOURCE DATA FOUND
- Source citation: Work cat.: (NUST): Pollan, Stephen M , Levine, Mark 63648, Lifelines for money misfortunes , how to overcome life's greatest challenges, 2008
